| 000 | 00614nam a2200217 a 4500 | ||
|---|---|---|---|
| 001 | 36371 | ||
| 003 | BD-RjUL | ||
| 005 | 20211209052457.0 | ||
| 008 | 140622s1960 enk 001 0 eng u | ||
| 035 | _a(BD-RjUL)36468 | ||
| 040 |
_aBD-RjUL _beng _cBD-RjUL _dBD-RjUL |
||
| 041 | _aeng | ||
| 082 |
_a321.07 _bMUI 1960 _223 |
||
| 100 | 1 |
_aMurphy, Neville Richard, _d1890- _9110682 |
|
| 245 | 1 | 4 |
_aThe interpretation of Plato's Republic / _cN. R. Murphy |
| 260 |
_aOxford : _bClarendon Press, _c1960 |
||
| 300 |
_a246 p. ; _c21 cm. |
||
| 500 | _aIncludes index | ||
| 600 | 0 | 0 |
_aPlato _xRepublic _9126682 |
| 942 |
_2ddc _cBK |
||
| 999 |
_c36371 _d36371 |
||